| 000 | 00554ntaaa2200193 4500 | ||
|---|---|---|---|
| 003 | 01 | ||
| 005 | 20251027202443.0 | ||
| 008 | 0714s1973 ag 01 | ||
| 040 |
_aAR-BaBN _bspa _cAR-BaBN _eaacr _dRIC |
||
| 082 | _a266.0110 W83 | ||
| 100 |
_aWolfensberger, G. H. _923374 |
||
| 245 | _aMultiplying the loaves | ||
| 250 | _a1 ed. | ||
| 260 |
_aLondon : _bCollins, _cc1968 |
||
| 300 | _a191 p. | ||
| 500 | _aLa biblia en las misiones y el evangelismo. Numero de inventario dado tambien a otro libro | ||
| 650 |
_aMisiones-Base BĂblica _96038 |
||
| 942 | _cBK | ||
| 999 |
_c19513 _d19513 |
||